书目信息 |
| 书名: | The rough guide to Indonesia | |
| 作者: | Stephen Backshall | |
| 分册号: | ||
| 分册名: | 出版地: | Indonesia |
|
| 出版社: | ROUGH GUIDES | |
| 出版时间: | 2003 | |
| 页数: | 1113P | |
| 开本: | ||
| 丛书名: | ||
| 中图分类号: | ||
| 科图分类号: | ||
| 其他分类号: | K928.7 | |
| 主题词: | ||
| 电子资源: | ||
| 000 | 00394nam0 2200145 450 | |
| 001 | 202012000235 | |
| 005 | 20121107090218.0 | |
| 008 | 12101501s | |
| 020 | @a9781858289915@c£17.99 | |
| 099 | @dK928.7@eS828 | |
| 245 | 10 | @a The rough guide to Indonesia@cStephen Backshall |
| 260 | 0 | @a Indonesia@bROUGH GUIDES@c2003 |
| 300 | @a1113P | |
| 905 | @b6290-2 | |
| 905 | @aTSG@dK928.7@eS828 | |
| The rough guide to Indonesia / Stephen Backshall.- Indonesia : ROUGH GUIDES , 2003 |
| 1113P |
| ISBN 9781858289915£17.99 |
| ● |
| 相关链接 |
|
|
|
正题名:The rough guide to Indonesia
索取号:K928.7/S828
 
预约/预借
| 序号 | 登录号 | 条形码 | 馆藏地/架位号 | 状态 | 备注 |
| 1 | 6290 | 300062900 | 社科库309/309社科库 999排3列1层/ [索取号:K928.7/S828] | 在馆 | |
| 2 | 6291 | 300062919 | 社科库309/309社科库 999排3列1层/ [索取号:K928.7/S828] | 在馆 | |
| 3 | 6292 | 300062928 | 社科库309/309社科库 999排3列1层/ [索取号:K928.7/S828] | 在馆 |